Central Library OPAC University of Rajshahi

Islam : (Record no. 34330)

MARC details
000 -LEADER
fixed length control field 00660nam a22002177a 4500
001 - CONTROL NUMBER
control field 34330
003 - CONTROL NUMBER IDENTIFIER
rucl marc code BD-RjUL
005 - DATE AND TIME OF LATEST TRANSACTION
control field 20211209052137.0
008 - FIXED-LENGTH DATA ELEMENTS--GENERAL INFORMATION
fixed length control field 140426s pk ||||| b||| 00| 0 eng d
035 ## - SYSTEM CONTROL NUMBER
System control number (BD-RjUL)34424
040 ## - CATALOGING SOURCE
Original cataloging agency BD-RjUL
Language of cataloging eng
Transcribing agency BD-RjUL
041 ## - LANGUAGE CODE
Language code of text/sound track or separate title eng
082 04 - DEWEY DECIMAL CLASSIFICATION NUMBER
Classification number 297.29
Author mark and year ISL 1982
245 00 - TITLE STATEMENT
Title Islam :
Remainder of title the religion of all prophets /
Statement of responsibility, etc. Adam, Abraham, Noah, [et al. ]
260 ## - PUBLICATION, DISTRIBUTION, ETC. (IMPRINT)
Place of publication, distribution, etc. Karachi :
Name of publisher, distributor, etc. Begum Aisha Bawany Wakf,
Date of publication, distribution, etc. 1982.
300 ## - PHYSICAL DESCRIPTION
Pagination xxi, 205 p. :
Illustrations ill. ;
Size 19 cm.
650 #0 - SUBJECT ADDED ENTRY--TOPICAL TERM
Topical term or geographic name as entry element Islam
General subdivision Apologetic works.
9 (RLIN) 98741
Topical term or geographic name as entry element Muslim converts
Form subdivision Biography.
9 (RLIN) 98767
700 ## - ADDED ENTRY--PERSONAL NAME
Personal name Adam, Abraham, Noah
942 ## - ADDED ENTRY ELEMENTS (KOHA)
Source of classification or shelving scheme Dewey Decimal Classification
Koha item type Books
Holdings
Lost status Source of classification or shelving scheme Damaged status Not for loan Collection code Permanent Location Current Location Shelving location Date acquired Source of acquisition Cost, normal purchase price Total Checkouts Full call number Date last seen Copy number Koha item type
  Dewey Decimal Classification     Non-fiction Central Library, University of Rajshahi Central Library, University of Rajshahi   13/04/1983 Aisha Bawny Karachi 0.00   297.29 ISL 1982 15/05/2014 C-3 Books